| 000 | 00788nam a22002177a 4500 | ||
|---|---|---|---|
| 999 |
_c4341 _d4341 |
||
| 003 | AR-CdUCM | ||
| 008 | 190308b ||||| |||| 00| 0 spa d | ||
| 040 |
_aMUNICIPALIDAD PROVINCIAL DEL CUSCO _cBIBLIOTECA MUNICIPAL DEL CUSCO |
||
| 082 |
_a784.485 / _bG66 |
||
| 100 |
_aGonzáles Ríos, Yolanda _98463 |
||
| 245 |
_aCerrito de Huacsapata : _bestudiantinas y música de Puno del ssiglo XX / |
||
| 260 |
_aCusco : _bEdmundo Pantigozo, _c1998. |
||
| 300 |
_a116 páginas ; _c20 cm. |
||
| 505 | _aContenido: El wayno Cerrito de Huacsapata -- La estudiantina Puno -- La música popular de Puno: 1924-1982. | ||
| 650 |
_aMúsica Peruana _913720 |
||
| 650 |
_aPuno _93897 |
||
| 650 |
_aPerú _935 |
||
| 700 |
_aGonzáles Ríos, José (coautor) _913721 |
||
| 942 |
_2ddc _cLIBROS |
||
| 945 | _aachl | ||